000 00287nam a22001337a 4500
008 170414b xxu||||| |||| 00| 0 eng d
020 _a9780495116370
041 _aeng
080 _23RD
_a612.39
100 _a10
101 _aSHM
245 _aNUTRITION
_cBROWN, J.E
942 _2udc
_cBK
999 _c10847
_d10847